000 00426 a2200157 4500
001 149654
040 _cEscola São Tomás de Aquino
100 _aPÉREZ, Óscar T.
240 1 0 _aA bruxa
_lpor
245 1 0 _aA bruxa
300 _a31
362 0 _a2012
440 1 _aFTD
697 _aHistórias de bruxas, centauros, fadas, duendes, deuses, sereias, ogres, vampiros, feiticeiros, mágicos
942 _cBK
999 _c149654
_d149654